000 00492nam a22001577a 4500
003 OSt
005 20211118132600.0
008 211118b ||||| |||| 00| 0 eng d
040 _cAIMIT LIBRARY
082 _a658 MARH
100 _aMariwala, Harsh;Kanjilal, Jawahar.
_eHarsh,Mariwala;Jawahar,Kanjilal
_910619
245 _aInstalling the DNA of innovation.
_b32nd National Management Convention-AIMA
260 _aNew Delhi
_bExcel Multimedia
650 _2AIMA
942 _2ddc
_cCD
_k658 MARH
999 _c220679
_d220679